Costumbres privadas e interés público : la lactancia materna en la literatura médica de divulgación : Barcelona, 1880-1890 / M. Teresa Fuentes Caballero la lactancia materna en la literatura médica de divulgación :
Descripción Física:
p. 369-397 ; 22 cm
Otros Autores:
Universidad de Granada
MARC
| LEADER | 00000nam a2200000Ia 4500 | ||
|---|---|---|---|
| 001 | 11478 | ||
| 008 | 160829s1996 xx 000 0 cat d | ||
| 080 | |a FU-13-7 | ||
| 100 | |a Fuentes Caballero, Maria Teresa |9 62363 | ||
| 245 | |a Costumbres privadas e interés público : |b la lactancia materna en la literatura médica de divulgación : |b Barcelona, 1880-1890 / M. Teresa Fuentes Caballero | ||
| 260 | |a Granada : |b Universidad de Granada, |c 1996 | ||
| 300 | |a p. 369-397 ; |c 22 cm | ||
| 590 | |a Separata de 'Dynamis : Acta Hispanica ad Medicinae Scientiarumque Historiam Illustrandam', vol. 16 | ||
| 650 | |a Alletament |x S. XIX |9 32028 | ||
| 650 | |a Educació sanitària |x S. XIX |9 32029 | ||
| 700 | |a Universidad de Granada |9 32030 | ||
| 901 | |a Arxiu | ||
| 942 | |n 1 | ||
| 952 | |0 0 |1 0 |4 0 |6 FU137 |7 1 |9 45841 |a Arxiu |b Arxiu |d 2016-12-01 |l 0 |o FU-13-7 |p 11478 |r 2016-12-01 00:00:00 |w 2016-12-01 |y ARXIU | ||
| 999 | |c 49341 |d 49341 | ||